LEADER 01441nam 2200433 450 001 996483157703316 005 20231110233738.0 010 $a3-031-06788-6 035 $a(CKB)5700000000100449 035 $a(MiAaPQ)EBC7029179 035 $a(Au-PeEL)EBL7029179 035 $a(PPN)263897036 035 $a(EXLCZ)995700000000100449 100 $a20221227d2022 uy 0 101 0 $aeng 135 $aurcnu|||||||| 181 $ctxt$2rdacontent 182 $cc$2rdamedia 183 $acr$2rdacarrier 200 00$aArtificial intelligence and security$hPart II $e8th International Conference, ICAIS 2022, Qinghai, China, July 15-20, 2022, proceedings /$fXingming Sun [and three others], editors 210 1$aCham, Switzerland :$cSpringer International Publishing,$d[2022] 210 4$dİ2022 215 $a1 online resource (701 pages) 225 1 $aLecture Notes in Computer Science ;$vv.13339 311 $a3-031-06787-8 410 0$aLecture Notes in Computer Science 606 $aArtificial intelligence$vCongresses 606 $aCloud computing$xSecurity measures$vCongresses 615 0$aArtificial intelligence 615 0$aCloud computing$xSecurity measures 676 $a006.3 702 $aSun$b Xingming 801 0$bMiAaPQ 801 1$bMiAaPQ 801 2$bMiAaPQ 906 $aBOOK 912 $a996483157703316 996 $aArtificial intelligence and security$91999223 997 $aUNISA LEADER 01239nam 2200433 450 001 9910822120803321 005 20230808202344.0 010 $a1-78332-317-5 035 $a(CKB)3790000000558170 035 $a(MiAaPQ)EBC5218418 035 $a(Au-PeEL)EBL5218418 035 $a(CaPaEBR)ebr11498552 035 $a(OCoLC)1020032301 035 $a(EXLCZ)993790000000558170 100 $a20180210h20162016 uy 0 101 0 $aeng 135 $aurcnu|||||||| 181 $2rdacontent 182 $2rdamedia 183 $2rdacarrier 200 10$aCrop evolution and genetic resources /$fDarbeshwar Roy 210 1$aOxford, England :$cAlpha Science International Ltd.,$d2016. 210 4$dİ2016 215 $a1 online resource (617 pages) $cillustrations 300 $aIncludes index. 311 $a1-78332-267-5 606 $aCrops$xGermplasm resources 606 $aCrops$xEvolution 615 0$aCrops$xGermplasm resources. 615 0$aCrops$xEvolution. 676 $a631.523 700 $aRoy$b Darbeshwar$01703216 801 0$bMiAaPQ 801 1$bMiAaPQ 801 2$bMiAaPQ 906 $aBOOK 912 $a9910822120803321 996 $aCrop evolution and genetic resources$94088255 997 $aUNINA